ARRUPE JESUIT UNIVERSITY

CORONAVIRUS -STOP THE SPREAD - CLEAN,DISINFECT,COVER

The sentinellist agitation in new England 1925- 1928 (Record no. 122241)

MARC details
000 -LEADER
fixed length control field 00505nam a22001457a 4500
008 - FIXED-LENGTH DATA ELEMENTS--GENERAL INFORMATION
fixed length control field 150302b xxu||||| |||| 00| 0 eng d
050 ## - LIBRARY OF CONGRESS CALL NUMBER
Classification number BX1408F65 1930
100 ## - MAIN ENTRY--PERSONAL NAME
Personal name Foisy, Albert J.
9 (RLIN) 15678
245 ## - TITLE STATEMENT
Title The sentinellist agitation in new England 1925- 1928
Statement of responsibility, etc J. Albert Foisy, A.B.
260 ## - PUBLICATION, DISTRIBUTION, ETC. (IMPRINT)
Place of publication, distribution, etc Providence
Name of publisher, distributor, etc Providence visitor press
Date of publication, distribution, etc 1930
300 ## - PHYSICAL DESCRIPTION
Extent vi, 234p. ;
Dimensions 16cm.
650 ## - SUBJECT ADDED ENTRY--TOPICAL TERM
Topical term or geographic name as entry element Catholic church
Geographic subdivision New England
9 (RLIN) 15679
650 ## - SUBJECT ADDED ENTRY--TOPICAL TERM
Topical term or geographic name as entry element New England
General subdivision church history
9 (RLIN) 15680
942 ## - ADDED ENTRY ELEMENTS (KOHA)
Source of classification or shelving scheme Library of Congress Classification
Item type Monograph ( Printed materials)
Holdings
Withdrawn status Lost status Source of classification or shelving scheme Damaged status Not for loan Collection code Home library Current library Shelving location Date acquired Total Checkouts Full call number Barcode Date last seen Price effective from Koha item type
    Library of Congress Classification     Main Collection ARRUPE LIBRARY ARRUPE LIBRARY Main Collection 02/03/2015   BX1408. F65 1930 46500002801 22/11/2017 02/03/2015 Monograph ( Printed materials)

 

Arrupe Library. PO Box MP320 Mt Pleasant, Harare, Zimbabwe
263 242 745411|librarian@aju.ac.zw